| 000 | 00764nam a22002417a 4500 | ||
|---|---|---|---|
| 999 |
_c9945 _d9945 |
||
| 003 | AR-CdUCM | ||
| 008 | 190328b ||||| |||| 00| 0 spa d | ||
| 040 |
_aMUNICIPALIDAD PROVINCIAL DEL CUSCO _cBIBLIOTECA MUNICIPAL DEL CUSCO |
||
| 041 | _hita | ||
| 082 |
_a858.9 / _bP25D / 1933 |
||
| 100 |
_aPapini, Giovanni _917817 |
||
| 245 | _aDante vivo / | ||
| 260 |
_aSantiago de Chile : _bOsiris, _c1933. |
||
| 300 |
_a217 páginas ; _c18 cm. |
||
| 440 |
_aColección Osiris. _n57 _926501 |
||
| 505 | _aContenido: Prolegomenos -- La vida -- El alma -- La obra -- El destino. | ||
| 650 |
_aLiteratura _983 |
||
| 650 |
_aEnsayos italianos _926502 |
||
| 650 |
_aSiglo XX _98 |
||
| 700 |
_aVerdaguer, Mario (traducción) _926503 |
||
| 942 |
_2ddc _cLIBROS |
||
| 945 | _aachl | ||